Caricamento...

The mango a handbook

Dettagli Bibliografici
Altri autori: Narasingas Rao (Redattore), Ragavakurup, C. G (E.d)
Lingua:English
LEADER 00244nam a2200097Ia 4500
008 210227s9999||||xx |||||||||||||| ||eng||
245 4 |a The mango a handbook 
700 |a Narasingas Rao  |e editor 
700 |a Ragavakurup, C. G  |e E.d 
942 |c BK 
999 |c 357566  |d 357566